| 000 | 00750nam a2200181 i 4500 | ||
|---|---|---|---|
| 001 | 151421 | ||
| 003 | ES-MaACL | ||
| 005 | 20250911063556.0 | ||
| 008 | 931025s1878 sp |||| | spa d | ||
| 080 | _a634.8-275.22 | ||
| 100 | 1 |
_aAlmenas, Francisco Javier de Palacio y García de Velasco, _cConde de las, _d1840-1902 _9125619 |
|
| 245 | 1 | 3 |
_aLa filoxera (philloxera vastatrix) _b: su historia, medios empleados para combatirla / _cpor el Conde de las Almenas. |
| 260 |
_aMadrid : _b[s.n.], _c1878 ( _fImp. Manuel G. Hernández) |
||
| 300 |
_a51 p. : _bil. ; _c20 cm. |
||
| 650 | 4 |
_aFiloxera. _9136118 |
|
| 852 |
_aES-MaACL _jT-718-F-4 _z-- Enc. hol., consevando la cub. original _z-- Enc. en un vol. facticio |
||
| 999 |
_c151421 _d151421 |
||